| 000 | 01246cam a22001814a 4500 | ||
|---|---|---|---|
| 005 | 20250605164042.0 | ||
| 008 | 250528s ||||||||||||||||||||||||d | ||
| 035 | _a17029 | ||
| 040 |
_aGR-AtMCL _bgre _dGR-AtMCL _eAACR2 |
||
| 245 | 1 | _aRepresentative and Responsible Government / An Essay on the British Constitution | |
| 260 |
_bGeorge Allen & Unwin Ltd, _c1964 |
||
| 300 | _a258 | ||
| 520 | _aAcknowledgements, Introduction, Representation and Responsibility in Politics, The Traditional Doctrines, Tory and Whig Attitudes to Representation, The Early Radicals, Parliamentary Reform and Victorian Liberalism, The Liberal View of the Constitution, Collectivism and the Theory of Representation, Doctrines of Class Conflict, The Idealist View of Politics, Theories of Group Representation, Party Democracy, Responsibility in British Politics, Collective Responsibility, Individual Responsibility, The Parliamentaryu Watchdog, Responsible Government Reconsidered, The Public and the Government, The Nature of the Public Opinion, Channels of Communication, Opinions and Policies, Conclusions, Representative and Responsible Government in Britain, Index. | ||
| 700 | 1 |
_aBirch H. Anthony _93158 |
|
| 942 | _cBK | ||
| 999 |
_c2469 _d2469 |
||